000 00677nam a22002055i 4500
001 166656
003 ES-MaACL
005 20230906213356.0
008 050916s1872 gw | |||||||| ||eng d
040 _aCAM
_bspa
_cCAM
080 _a821.111-31"18"
100 1 _aTrollope, Anthony (
_d1815-1882)
_9133386
245 1 4 _aThe golden lion of Granpere /
_cby Anthony Trollope.
260 _aLeipzig :
_bBernhard Tauchnitz,
_c1872.
300 _a312 p. ;
_c16 cm.
490 1 _aCollection of british authors ;
_v1225
830 0 _aCollection of british authors ;
_v1225
_9180703
852 _aES-MaACL
_jG-12901
_z-- Enc. hol., falto de la cub. original
999 _c166656
_d166656